Top 10 Least Famous European Countries - Statistics

General Stats
  • This quiz has been taken 67 times
  • The average score is 8 of 10
Answer Stats
% Country % Correct
34 San Marino
97%
43 Andorra
91%
38 Liechtenstein
90%
49 Vatican City
84%
41 Montenegro
83%
44 Malta
81%
41 Monaco
79%
43 Moldova
76%
47 North Macedonia
72%
41 Kosovo
71%
No matching quizzes found
Score Distribution
Percent of People with Each Score
Percentile by Number Answered
Your Score History
You have not taken this quiz